The real world of democracy. (Record no. 170140)
[ view plain ]
| 000 -LEADER | |
|---|---|
| fixed length control field | 01213cam6a220033702 4500 |
| 001 - CONTROL NUMBER | |
| control field | zam00002537 |
| 008 - FIXED-LENGTH DATA ELEMENTS--GENERAL INFORMATION | |
| fixed length control field | 951128s1965 xx eng u |
| 035 ## - SYSTEM CONTROL NUMBER | |
| System control number | (Sirsi) r19890 |
| 035 ## - SYSTEM CONTROL NUMBER | |
| System control number | (MACHINE)SLC. |
| 100 ## - MAIN ENTRY--PERSONAL NAME | |
| Personal name | Macpherson, C. B. |
| Linkage | A80984.1 |
| 245 14 - TITLE STATEMENT | |
| Title | The real world of democracy. |
| 260 ## - PUBLICATION, DISTRIBUTION, ETC. | |
| Date of publication, distribution, etc. | 1965. |
| 591 ## - | |
| -- | Class code: PL 110. |
| 591 ## - | |
| -- | Course: Introduction to government and politics. |
| 591 ## - | |
| -- | School: S05. |
| 591 ## - | |
| -- | Lecturer: Dr. LAWSON, L.A. |
| 591 ## - | |
| -- | Number of Students: 170. |
| 949 ## - LOCAL PROCESSING INFORMATION (OCLC) | |
| a | JC433 |
| w | lcc |
| i | 33729000121181 |
| m | MAIN |
| p | 2500 |
| t | SHORTLOAN |
| l | SHORTLOAN |
| 949 ## - LOCAL PROCESSING INFORMATION (OCLC) | |
| a | JC433 |
| w | lcc |
| i | -18082 |
| m | MAIN |
| t | BOOK |
| l | ON-SHELF |
| 949 ## - LOCAL PROCESSING INFORMATION (OCLC) | |
| a | JC433 |
| w | lcc |
| i | -18083 |
| m | MAIN |
| t | BOOK |
| l | ON-SHELF |
| 949 ## - LOCAL PROCESSING INFORMATION (OCLC) | |
| a | JC433 |
| w | lcc |
| i | -18085 |
| m | MAIN |
| t | BOOK |
| l | ON-SHELF |
| 949 D# - LOCAL PROCESSING INFORMATION (OCLC) | |
| a | JC433 |
| w | lcc |
| i | -18086 |
| m | MAIN |
| t | BOOK |
| l | ON-SHELF |
| 949 D# - LOCAL PROCESSING INFORMATION (OCLC) | |
| a | JC433 |
| w | lcc |
| i | -18087 |
| m | MAIN |
| t | BOOK |
| l | ON-SHELF |
| 949 D# - LOCAL PROCESSING INFORMATION (OCLC) | |
| a | JC433 |
| w | lcc |
| i | -18088 |
| m | MAIN |
| t | BOOK |
| l | ON-SHELF |
| 949 D# - LOCAL PROCESSING INFORMATION (OCLC) | |
| a | JC433 |
| w | lcc |
| i | -18089 |
| m | MAIN |
| t | BOOK |
| l | ON-SHELF |
| 949 D# - LOCAL PROCESSING INFORMATION (OCLC) | |
| a | JC433 |
| w | lcc |
| i | -18090 |
| m | MAIN |
| t | BOOK |
| l | ON-SHELF |
| 949 D# - LOCAL PROCESSING INFORMATION (OCLC) | |
| a | JC433 |
| w | lcc |
| i | 33729000025754 |
| m | MAIN |
| p | 2500 |
| t | BOOK |
| l | ON-SHELF |
| 900 ## - EQUIVALENCE OR CROSS-REFERENCE-PERSONAL NAME [LOCAL, CANADA] | |
| -- | MAIN |
| Field link and sequence number | JC433 |
| -- | MAC |
| Titles and other words associated with a name | 2 |
| 909 ## - | |
| -- | Book |
No items available.